000 00581nam a2200229Ia 4500
003 OSt
005 20221005132355.0
006 a|||||r|||| 00| 0
007 ta
008 221004b |||||||| |||| 00| 0 tam d
024 _a9029
037 _cTextual
040 _aCRL
_cCRL
_btam
041 _2tam
_atam
082 _aP31,Dx1,1:g, 31N7
100 _aKamala P N
_9205596
245 0 _aTholkappiyam naveena cinthanaikal
260 _c1997
650 _aLINGUISTICS
942 _hP31,Dx1,1:g, 31N7
_cTEXL
_2cc
999 _c1063415
_d1063415